| 000 | 00618 a2200205 4500 | ||
|---|---|---|---|
| 005 | 20260102125444.0 | ||
| 008 | 260102b |||||||| |||| 00| 0 eng d | ||
| 020 | _a978-81-7702-528-6 | ||
| 037 | _cTB | ||
| 040 |
_aCRL _cCRL |
||
| 084 |
_aO15:g 111R5 _qCRL |
||
| 100 |
_aRanganath, S. _9821807 |
||
| 245 | _aStudies in sanskrit literature | ||
| 260 |
_bPratibha Prakashan _c2025 |
||
| 300 | _a336p. | ||
| 365 |
_b1195 _cINR |
||
| 650 | _2Sanskrit Literature | ||
| 942 |
_cTB _2CC _n0 _hO15:g 111R5 |
||
| 999 |
_c1435696 _d1435696 |
||